Catéchisme de persévérance ou exposé historique, dogmatique, moral, liturgique, apologétique,philosophique et social de la religión

Detalles Bibliográficos
Autor principal: GAUME, J. (Abad)
Formato: Libro
Publicado: 1849
Edición:6a.ed.
Materias:
Colección:Banco de datos
Acervo:Biblioteca Nacional de Antropología e Historia. Fondo Conventual
Descripción Física:t.V
Tema general:Catequética
Notas:Regular. Ex libris en sello desconocido. Impreso en París por Plon Frères. IX, 9, 3.
LEADER 00825nam a22002170004500
035 |a 7514 
036 |a 2119 
100 1 |a GAUME, J. (Abad) 
245 1 0 |a Catéchisme de persévérance ou exposé historique, dogmatique, moral, liturgique, apologétique,philosophique et social de la religión 
250 |a 6a.ed. 
260 |b ed. Hermanos Gaume  |c 1849 
300 |a t.V 
500 |a Regular. Ex libris en sello desconocido. Impreso en París por Plon Frères. IX, 9, 3. 
650 1 0 |a Catequética 
949 |a B.N.A.H. 
959 |a Biblioteca Nacional de Antropología e Historia. Ciudad de México  |b CCC1 
960 |a Seminario de Morelia  |b DD56 
961 |a Casa de formación del Clero Secular  |b CS 
942 |c B.N.A.H. 
943 |g Biblioteca Nacional de Antropología e Historia. Fondo Conventual 
999 |c 1032046  |d 1032046